Countries with the Most Air Polluted Cities - Statistics

General Stats
  • This quiz has been taken 163 times
  • The average score is 7 of 12
Answer Stats
Cities Countries % Correct
286 China
100%
33 India
98%
6 Pakistan
84%
8 Bangladesh
79%
43 Iran
72%
8 Philippines
54%
5 South Korea
53%
6 South Africa
50%
7 Italy
39%
14 Poland
32%
19 Chile
18%
6 Bahrain
10%
No matching quizzes found
Score Distribution
Percent of People with Each Score
Percentile by Number Answered
Your Score History
You have not taken this quiz